|
|
|
|
| LEADER |
01682nam a2200409Ii 4500 |
| 001 |
37163 |
| 003 |
BD-DhAAL |
| 005 |
20211111151732.0 |
| 008 |
200303t2017 sz a b 000 0 eng d |
| 999 |
|
|
|c 42008
|d 42008
|
| 020 |
|
|
|a 9783319658667
|
| 020 |
|
|
|a 9783319658674
|
| 020 |
|
|
|a 3319658670
|
| 020 |
|
|
|z 3319658662
|
| 024 |
7 |
|
|a 10.1007/978-3-319-65867-4
|2 doi
|
| 035 |
|
|
|a (OCoLC)1002065249
|
| 035 |
|
|
|a (OCoLC)1003109106
|
| 040 |
|
|
|a GW5XE
|b eng
|e rda
|e pn
|c GW5XE
|d YDX
|d BD-DhAAL
|
| 049 |
|
|
|a MYGG
|
| 050 |
|
4 |
|a QC174.12
|
| 082 |
0 |
4 |
|a 530.12
|2 23
|
| 100 |
1 |
|
|a Norsen, Travis
|9 39718
|
| 245 |
1 |
0 |
|a Foundations of quantum mechanics :
|b an exploration of the physical meaning of quantum theory /
|c Travis Norsen.
|
| 260 |
|
|
|a Cham, Switzerland :
|b Springer,
|c c2017
|
| 300 |
|
|
|a xv, 310 pages :
|b illustrations (some color) ;
|c 24 cm.
|
| 490 |
1 |
|
|a Undergraduate lecture notes in physics,
|x 2192-4791
|
| 504 |
|
|
|a Includes bibliographical references (pages 308-310).
|
| 526 |
|
|
|a CSE
|
| 541 |
|
|
|a Trim Education
|e 37163, 37164
|
| 650 |
|
0 |
|a Quantum theory.
|9 39719
|
| 650 |
|
0 |
|a Physics.
|9 39720
|
| 650 |
|
0 |
|a Computer science
|9 42585
|
| 830 |
|
0 |
|a Undergraduate lecture notes in physics.
|9 39721
|
| 852 |
|
|
|a Ayesha Abed Library
|c General Stacks
|
| 942 |
|
|
|2 ddc
|c BK
|
| 952 |
|
|
|0 0
|1 0
|2 ddc
|4 0
|6 530_120000000000000_NOR
|7 0
|9 68038
|a BRACUL
|b BRACUL
|c GEN
|d 2020-02-27
|e Trim Education
|g 3440.00
|l 1
|o 530.12 NOR
|p 3010037164
|r 2022-11-07
|s 2022-10-11
|t 2
|v 3440.00
|w 2020-02-27
|y BK
|
| 952 |
|
|
|0 0
|1 0
|2 ddc
|4 0
|6 530_120000000000000_NOR
|7 0
|9 68039
|a BRACUL
|b BRACUL
|c GEN
|d 2020-02-27
|e Trim Education
|g 3440.00
|l 2
|m 28
|o 530.12 NOR
|p 3010037163
|r 2025-08-25
|s 2025-03-15
|t 1
|v 3440.00
|w 2020-02-27
|y BK
|